1875 1264 1392 1697 1509 1419 1448 1847 1512 1914 1282 1540 1967 1032 1427 1645 1779 1768 1366 1935 1396 1506 1433 1445 1876 1275 1123 1334 1736 1435 1797 1465 1989 1746 1697 1230 1034 1938 1088 1413 1742 1123 1503 1954 1824 1401 1468 1195 1098 1811 1622 1889 1778 1124 1208 1831 1226 1814 1412 1968 1156 1856 1234 1080 1992 1127 1933 1270 1841 1576 1933 1999 1361 1888 1579 1008 1223 1359 1916 1789 1331 1520 1932 1975 1184 1821 1958 1275 1631 1091 1017 1946 1965 1698 1745 1787 1402 1341 1096 BCNSPRNW ULIB Ver.6.0+V

เปลี่ยนเป็นภาษาไทย

Change to English
 แสดงรายละเอียดบรรณานุกรม
  กลับหน้าหลัก

Brief Record : Get Marc (ISO 2709) : E-mail record : QR code < ปิดหน้าต่าง
LEADER : 00000nam 2200000uu 4500
001    13399126370
003     ULIB
008    180911s2560||||th 000 0 tha d
020    ^a9786161822019
050 00 ^aBF455^bอ72
100 1  ^aอะคิระ, อุเอะนิชิ
245 10 ^aพูดเรื่องบวกเรียกโชคดี พูดเรื่องดีเรียกความสุข /^cอุเอะนิชิ อะคิระ, เขียน ; ปาวัน การสมใจ, แปล
260    ^aกรุงเทพฯ :^bอมรินทร์ฮาวทู,^c2560
300    ^a171 หน้า
650  4 ^aการพูด
700 0  ^aปาวัน การสมใจ
945    ^p195^l0^i004599
999    ^aวรรณษา ชูชัยมงคล
รายการนี้ยังไม่มีแท็ก
คุณยังไม่ได้ล็อกอิน คุณสามารถมีกิจกรรมร่วมกับเว็บไซต์ได้ แต่ต้องล็อกอินก่อน ::
  ล็อกอิน

รายการสื่อสารสนเทศ

ลำดับที่ ประเภท เลขเรียก/บาร์โค้ด สถานที่ สถานะ
1. การศึกษาทั่วไป
หนังสือสำรอง
สถานะ=หนังสือสำรอง
BF455 อ72 ฉ.1 
  Barcode: 004599
ห้องสมุดวิทยาเขตสวรรค์ประชารักษ์
►หนังสือทั่วไป
ถูกยืม กำหนดส่งวันที่ 9 กุมภาพันธ์ 2569
  จอง

รายการใกล้เคียง
    ผู้แต่ง [อะคิระ, อุเอะนิชิ]

    หัวเรื่อง [การพูด]

BibComment


ยังไม่เคยถูกคอมเมนท์

คอมเมนท์ทรัพยากรรายการนี้
  คอมเมนท์: พูดเรื่องบวกเรีย..


 Copyright 2026. Bcnsprnw @Library